[Event "Rated Blitz game"]
[Site "?"]
[Date "2021.02.08"]
[Round "?"]
[White "extermo44"]
[Black "DarthZannah"]
[Result "0-1"]
[WhiteElo "2468"]
[BlackElo "2465"]
[PlyCount "112"]
[EventDate "2021.??.??"]
[EventType "blitz"]

1. e4 e5 2. Nf3 d5 3. exd5 e4 4. Qe2 Nf6 5. d3 Qxd5 6. Nbd2 e3 7. Qxe3+ Be6 8.
d4 c6 9. Bc4 Qd6 10. Bxe6 fxe6 11. O-O Nd5 12. Qe4 Nd7 13. Nc4 Qe7 14. Re1
O-O-O 15. Qxe6 Qb4 16. Qe2 N7f6 17. c3 Qb5 18. a4 Qa6 19. Nce5 Bd6 20. Qxa6
bxa6 21. Nf7 Rhe8 22. Nxd8 Rxd8 23. Bg5 Kc7 24. Ne5 Rb8 25. Nc4 Bf8 26. Bxf6
Nxf6 27. Re2 c5 28. dxc5 Bxc5 29. Rae1 Rd8 30. h3 Nd5 31. Rd2 Nb6 32. Rxd8 Kxd8
33. Nxb6 axb6 34. b4 Bd6 35. Rd1 Kc7 36. Kf1 Be5 37. Ke2 Kc6 38. Kd3 Bf6 39.
Kc4 b5+ 40. axb5+ axb5+ 41. Kd3 Kd5 42. Re1 h6 43. Re8 Kc6 44. Re7 Bxe7 45. c4
Bxb4 46. cxb5+ Kxb5 47. Ke4 Kc6 48. Kf5 Kd6 49. Kg6 Bc3 50. f4 Kd5 51. g4 Ke4
52. f5 Kf4 53. Kh5 Bf6 54. h4 Bd8 55. Kg6 Kxg4 56. Kxg7 h5 {Time forfeit} 0-1

[Event "Rated Blitz game"]
[Site "?"]
[Date "2021.02.08"]
[Round "?"]
[White "kucks1"]
[Black "annaly1979"]
[Result "0-1"]
[WhiteElo "2341"]
[BlackElo "2403"]
[PlyCount "50"]
[EventDate "2021.??.??"]
[EventType "blitz"]

1. e4 e5 2. Nf3 d5 3. Bb5+ c6 4. Bd3 Bf5 5. exf5 e4 6. Be2 exf3 7. Bxf3 Bd6 8.
O-O Ne7 9. f6 gxf6 10. d4 Qc7 11. Re1 Nd7 12. c4 dxc4 13. Nc3 O-O-O 14. Qa4 Kb8
15. Qxc4 Nb6 16. Qb3 Bxh2+ 17. Kh1 Bd6 18. Be3 Nf5 19. Rac1 Nxe3 20. Rxe3 Bf4
21. Ree1 Bxc1 22. Rxc1 Rxd4 23. g3 Qd7 24. Ne2 Rd3 25. Bg4 Rxb3 {Normal} 0-1

[Event "Rated Blitz game"]
[Site "?"]
[Date "2021.02.08"]
[Round "?"]
[White "james78"]
[Black "DarthZannah"]
[Result "0-1"]
[WhiteElo "2394"]
[BlackElo "2468"]
[PlyCount "36"]
[EventDate "2021.??.??"]
[EventType "blitz"]

1. e4 e5 2. Nf3 d5 3. Nxe5 dxe4 4. Bc4 Qg5 5. d4 Qxg2 6. Bxf7+ Kd8 7. Rf1 Bd6
8. Bc4 Bxe5 9. dxe5+ Ke8 10. Nc3 Ne7 11. Qh5+ Ng6 12. Nd5 Bg4 13. Qg5 Nc6 14.
Nxc7+ Kd7 15. Nxa8 Ncxe5 16. Be2 Nf3+ 17. Bxf3 Qxf3 18. Qe3 Qd1# {Normal} 0-1

[Event "Rated Blitz game"]
[Site "?"]
[Date "2021.02.08"]
[Round "?"]
[White "MRMANiA"]
[Black "Jomajo"]
[Result "0-1"]
[WhiteElo "2412"]
[BlackElo "2573"]
[PlyCount "114"]
[EventDate "2021.??.??"]
[EventType "blitz"]

1. e4 e5 2. Nf3 d5 3. exd5 e4 4. Qe2 Qe7 5. Ng1 Nf6 6. Nc3 Bf5 7. f3 exf3 8.
Nxf3 Bxc2 9. Nd4 Bg6 10. Ndb5 Na6 11. d4 O-O-O 12. Nxa7+ Kb8 13. Qxe7 Bxe7 14.
Bxa6 Kxa7 15. Bc4 Bb4 16. O-O Bxc3 17. bxc3 Nxd5 18. Bd2 Rhe8 19. Rfe1 c6 20.
Bxd5 cxd5 21. Rxe8 Rxe8 22. Re1 Rxe1+ 23. Bxe1 Ka6 24. Bg3 Kb5 25. Bd6 Kc4 26.
Bb4 Be4 27. Kf2 Kd3 28. g3 f5 29. h4 g6 30. Ba5 Bh1 31. Bb4 Ke4 32. a4 Bf3 33.
a5 Bh5 34. Be7 Kd3 35. Bb4 h6 36. Kg2 Ke3 37. Bf8 Kd3 38. Bxh6 Kxc3 39. Bg7 Kb4
40. Kf2 Kxa5 41. Ke3 Kb4 42. Kd3 Kb3 43. Bf8 b5 44. Kd2 Kc4 45. Bc5 b4 46. Kc2
Bf3 47. Kb2 Be4 48. Bb6 b3 49. Bc5 Bc2 50. Ba7 Kd3 51. Bc5 Ke3 52. Ba7 Ke4 53.
Bc5 f4 54. gxf4 Kf5 55. Bd6 Kg4 56. Be7 Kxf4 57. Bg5+ Kf5 {Time forfeit} 0-1

[Event "Rated Blitz game"]
[Site "?"]
[Date "2021.02.08"]
[Round "?"]
[White "toog"]
[Black "annaly1979"]
[Result "1-0"]
[WhiteElo "2534"]
[BlackElo "2429"]
[PlyCount "83"]
[EventDate "2021.??.??"]
[EventType "blitz"]

1. e4 e5 2. Nf3 d5 3. exd5 e4 4. Qe2 f5 5. d3 Nf6 6. Nc3 Bb4 7. Bg5 Bxc3+ 8.
bxc3 O-O 9. Nd2 Qxd5 10. d4 Be6 11. Qd1 Nc6 12. Bc4 Qd7 13. Qe2 Rad8 14. O-O a6
15. a4 Qf7 16. Rab1 Na5 17. Bxe6 Qxe6 18. Bf4 Rd7 19. f3 Re8 20. fxe4 fxe4 21.
Be5 Ng4 22. Rf4 Nxe5 23. Rxe4 Qf7 24. dxe5 Qf5 25. Nf3 b6 26. e6 Rde7 27. Nd4
Qc5 28. Re1 g6 29. Qd3 Nb7 30. Kh1 Nd6 31. Re5 Qc4 32. a5 b5 33. R5e2 Qc5 34.
Qh3 Qc4 35. Re5 Rf8 36. g3 Rf2 37. R5e2 Rxe2 38. Rxe2 Qxc3 39. Qg4 Qa1+ 40. Kg2
Qc3 41. Qf4 Kg7 42. Rf2 {Time forfeit} 1-0

[Event "Rated Blitz game"]
[Site "?"]
[Date "2021.02.08"]
[Round "?"]
[White "Burnashataman"]
[Black "Schachelite"]
[Result "0-1"]
[WhiteElo "2392"]
[BlackElo "2425"]
[PlyCount "64"]
[EventDate "2021.??.??"]
[EventType "blitz"]

1. e4 e5 2. Nf3 d5 3. Nxe5 Bd6 4. d4 dxe4 5. Nc4 Nf6 6. Nc3 Nc6 7. Bg5 O-O 8.
Ne3 Be7 9. Bc4 Qxd4 10. Qxd4 Nxd4 11. O-O-O c5 12. Nxe4 Nxe4 13. Bxe7 Nxf2 14.
Bxf8 Nxd1 15. Rxd1 Kxf8 16. c3 Nc6 17. Bd5 Ke7 18. Nc4 Be6 19. Bxc6 bxc6 20.
Na5 Rc8 21. Nb7 Bxa2 22. Nxc5 Bd5 23. g3 f5 24. b4 g5 25. Kd2 f4 26. gxf4 gxf4
27. Ra1 Rc7 28. Kd3 Kf6 29. c4 Bg2 30. Kd4 f3 31. Ke3 Re7+ 32. Kd4 f2 {Normal}
0-1

[Event "Rated Blitz game"]
[Site "?"]
[Date "2021.02.08"]
[Round "?"]
[White "SirJohn13"]
[Black "annaly1979"]
[Result "1-0"]
[WhiteElo "2582"]
[BlackElo "2408"]
[PlyCount "153"]
[EventDate "2021.??.??"]
[EventType "blitz"]

1. e4 e5 2. Nf3 d5 3. exd5 e4 4. Qe2 f5 5. d3 Nf6 6. Bg5 Be7 7. dxe4 fxe4 8.
Bxf6 Bxf6 9. Qxe4+ Kf7 10. Qb4 Re8+ 11. Be2 a5 12. Qb3 a4 13. Qb4 Na6 14. Qa3
b5 15. Nbd2 Bf5 16. Kf1 b4 17. Qxa4 Qd6 18. Bc4 Nc5 19. Qc6 Bxc2 20. h4 h6 21.
Re1 Rxe1+ 22. Nxe1 Bf5 23. Qxa8 Qf4 24. d6+ Kg6 25. Qe8+ Kh7 26. Qg8+ Kg6 27.
h5+ Kg5 28. Nef3+ Kg4 29. Be6 Bxe6 30. dxc7 Bxg8 31. c8=Q+ Be6 32. Qxc5 Bxa2
33. Qe3 Qxe3 34. fxe3 Bd5 35. b3 Kg3 36. Ke2 Bb7 37. e4 Ba6+ 38. Ke3 Kxg2 39.
Rg1+ Kh3 40. Rg6 Bc8 41. Rxf6 gxf6 42. Kf4 Bb7 43. Nd4 Kh4 44. Nf5+ Kxh5 45.
Nf3 Kg6 46. Ne7+ Kf7 47. Nd5 h5 48. Nxb4 Kg6 49. Nh4+ Kh6 50. Nd3 Kg7 51. Nc5
Bc6 52. Ne6+ Kh6 53. Nd4 Bd7 54. b4 Kg7 55. b5 Kf7 56. b6 Bc8 57. Nhf5 Ba6 58.
Nd6+ Ke7 59. b7 Bxb7 60. Nxb7 h4 61. Nf5+ Ke6 62. Nxh4 f5 63. Nxf5 Kf6 64. Ne3
Ke6 65. e5 Ke7 66. Nc5 Kf7 67. e6+ Ke7 68. Ke5 Kd8 69. Kd6 Ke8 70. e7 Kf7 71.
Kd7 Kf6 72. e8=Q Kg5 73. Qe4 Kf6 74. Qf5+ Kg7 75. Ne6+ Kg8 76. Qg6+ Kh8 77.
Qg7# {Normal} 1-0

[Event "Rated Blitz game"]
[Site "?"]
[Date "2021.02.08"]
[Round "?"]
[White "cyrilortega62"]
[Black "Jomajo"]
[Result "1/2-1/2"]
[WhiteElo "2468"]
[BlackElo "2603"]
[PlyCount "130"]
[EventDate "2021.??.??"]
[EventType "blitz"]

1. e4 e5 2. Nf3 d5 3. exd5 e4 4. Ne5 Qxd5 5. d4 exd3 6. Nxd3 Nf6 7. Nc3 Qa5 8.
Be2 Bd6 9. O-O O-O 10. h3 Nc6 11. Be3 Bf5 12. Bf3 Rad8 13. Bg5 Nd4 14. Bxf6
gxf6 15. Ne4 Be5 16. Re1 Kh8 17. Bg4 Bg6 18. Bh5 Nxc2 19. Qxc2 Bxh5 20. Nxe5
fxe5 21. Nc5 Rd5 22. Nxb7 Qb6 23. Rac1 Qxb7 24. Qf5 Bg6 25. Qf6+ Kg8 26. Rxe5
Qxb2 27. Rce1 Rxe5 28. Rxe5 c5 29. h4 h5 30. g4 Qb1+ 31. Kh2 hxg4 32. h5 c4 33.
hxg6 fxg6 34. Qe6+ Rf7 35. Rc5 Kg7 36. Qe5+ Kh7 37. Qg3 Qc2 38. Kg2 Qe4+ 39.
Kh2 Kg7 40. Re5 Qd4 41. Re3 Rf3 42. Rxf3 gxf3 43. Qxf3 Qf6 44. Qe3 Qf7 45. Qd4+
Kg8 46. Qd8+ Qf8 47. Qd4 Qf7 48. Kg3 Kh7 49. Qh4+ Kg7 50. Qd4+ Qf6 51. Qxa7+
Kh6 52. Qe3+ g5 53. Qf4 Qg6 54. Kg2 c3 55. Qg4 Kg7 56. Qh3 Qe6 57. Qxc3+ Qf6
58. Qxf6+ Kxf6 59. Kg3 Kf5 60. f4 gxf4+ 61. Kf3 Ke5 62. a4 Kd5 63. a5 Kc5 64.
Kxf4 Kb5 65. Ke5 Ka6 {Time forfeit} 1/2-1/2

[Event "Rated Blitz game"]
[Site "?"]
[Date "2021.02.08"]
[Round "?"]
[White "massimilianoss"]
[Black "DarthZannah"]
[Result "1/2-1/2"]
[WhiteElo "2388"]
[BlackElo "2466"]
[PlyCount "127"]
[EventDate "2021.??.??"]
[EventType "blitz"]

1. e4 e5 2. Nf3 d5 3. exd5 e4 4. Qe2 Nf6 5. d3 Qxd5 6. Nfd2 e3 7. fxe3 Bd6 8.
Nc3 Qg5 9. Nf3 Qh5 10. Bd2 Bg3+ 11. hxg3 Qxh1 12. O-O-O O-O 13. e4 Qh5 14. e5
Ng4 15. d4 Nc6 16. Bf4 Nh6 17. d5 Ne7 18. d6 cxd6 19. exd6 Ng6 20. d7 Bxd7 21.
Rxd7 Rfe8 22. Qf2 Ng4 23. Qd2 Qh1 24. Qd3 Nxf4 25. gxf4 Ne3 26. Nd2 Nxf1 27.
Nxf1 g6 28. Ne4 Rxe4 29. Qxe4 Qxf1+ 30. Kd2 Qf2+ 31. Kc1 Rc8 32. Rxb7 Qf1+ 33.
Kd2 Qf2+ 34. Kc1 Qf1+ 35. Kd2 Rd8+ 36. Ke3 Qe1+ 37. Kf3 Qd1+ 38. Kg3 Qc1 39.
Qe7 Rf8 40. Rd7 Qxc2 41. Rxa7 Qxb2 42. a4 Qc3+ 43. Kh2 Qd2 44. Qf6 Qe3 45. Re7
Qc5 46. Qe5 Qxe5 47. Rxe5 Ra8 48. a5 Kf8 49. Kg3 f6 50. Rb5 Ke7 51. Kg4 Ra7 52.
g3 Ke6 53. f5+ Kf7 54. fxg6+ hxg6 55. Kf4 Ke7 56. g4 Kf7 57. Ke4 Ke6 58. Rb6+
Ke7 59. a6 f5+ 60. gxf5 gxf5+ 61. Kxf5 Kd7 62. Rb7+ Rxb7 63. axb7 Kc7 64. b8=B+
{Normal} 1/2-1/2

[Event "Rated Blitz game"]
[Site "?"]
[Date "2021.02.08"]
[Round "?"]
[White "Den78"]
[Black "annaly1979"]
[Result "0-1"]
[WhiteElo "2409"]
[BlackElo "2418"]
[PlyCount "74"]
[EventDate "2021.??.??"]
[EventType "blitz"]

1. e4 e5 2. Nf3 d5 3. d4 dxe4 4. Nxe5 Bd6 5. Nc4 Nf6 6. Nxd6+ cxd6 7. Be2 O-O
8. O-O h6 9. Bf4 d5 10. h3 Nc6 11. c3 Be6 12. Na3 Rc8 13. f3 a6 14. Nc2 Re8 15.
fxe4 Nxe4 16. Bd3 Bf5 17. Ne3 Bg6 18. Ng4 Qh4 19. Qe1 Qxe1 20. Raxe1 b5 21. Bb1
Kh7 22. Bc1 b4 23. cxb4 Nxb4 24. Ne3 Rcd8 25. a3 Nc6 26. Rd1 Ng3 27. Bxg6+ fxg6
28. Rf7 Ne2+ 29. Kf2 Nxc1 30. Rxc1 Nxd4 31. Rcc7 Rf8 32. Ke1 Rxf7 33. Rxf7 Re8
34. Kd2 Nb3+ 35. Kd3 Nc5+ 36. Kd4 Ne6+ 37. Kxd5 Ng5 {Normal} 0-1

[Event "Rated Blitz game"]
[Site "?"]
[Date "2021.02.08"]
[Round "?"]
[White "JoeAssaad"]
[Black "Schachelite"]
[Result "1-0"]
[WhiteElo "2381"]
[BlackElo "2430"]
[PlyCount "41"]
[EventDate "2021.??.??"]
[EventType "blitz"]

1. e4 e5 2. Nf3 d5 3. Nxe5 Bd6 4. d4 dxe4 5. Nc4 Nf6 6. Nc3 O-O 7. Be2 Nc6 8.
Bg5 Be7 9. Be3 Re8 10. a3 a6 11. O-O b5 12. Nd2 Nxd4 13. Ndxe4 Nxe2+ 14. Qxe2
Nxe4 15. Nxe4 Bb7 16. Ng3 Bc5 17. Qg4 Bxe3 18. fxe3 Qd2 19. Rf2 Qxe3 20. Nf5
Qe5 21. Nh6+ {Normal} 1-0

[Event "Rated Blitz game"]
[Site "?"]
[Date "2021.02.08"]
[Round "?"]
[White "SrJingles"]
[Black "annaly1979"]
[Result "1-0"]
[WhiteElo "2449"]
[BlackElo "2431"]
[PlyCount "103"]
[EventDate "2021.??.??"]
[EventType "blitz"]

1. e4 e5 2. Nf3 d5 3. exd5 e4 4. Qe2 f5 5. d3 Nf6 6. Nc3 Bb4 7. Bd2 Bxc3 8.
Bxc3 O-O 9. dxe4 Nxe4 10. Qc4 b5 11. Qd4 Nxc3 12. bxc3 Re8+ 13. Be2 Qe7 14. Qd2
Nd7 15. Kf1 Nc5 16. Bxb5 Ne4 17. Qd4 Bd7 18. Bd3 Rad8 19. Re1 c5 20. Qe3 Qf6
21. c4 Ng3+ 22. hxg3 Rxe3 23. Rxe3 Re8 24. Ke2 Rxe3+ 25. fxe3 a5 26. Rb1 Qd6
27. Kf2 h6 28. Rb7 g5 29. Ra7 a4 30. a3 Kg7 31. Bxf5 Qb6 32. Rxd7+ Kf6 33. g4
Qb2 34. Rh7 Qxa3 35. Rxh6+ Kg7 36. Rg6+ Kf7 37. d6 Qb4 38. Nxg5+ Kf8 39. Rf6+
Kg7 40. Rg6+ Kf8 41. d7 Qd2+ 42. Kf3 Qd1+ 43. Kf4 a3 44. Ne6+ Kf7 45. d8=Q Qxd8
46. Nxd8+ Ke7 47. Ra6 Kxd8 48. Rxa3 Kc7 49. Ra5 Kd6 50. Rb5 Kc6 51. Be4+ Kd6
52. Bd5 {Normal} 1-0

[Event "Rated Blitz game"]
[Site "?"]
[Date "2021.02.08"]
[Round "?"]
[White "Mightyms"]
[Black "Schachelite"]
[Result "0-1"]
[WhiteElo "2409"]
[BlackElo "2429"]
[PlyCount "40"]
[EventDate "2021.??.??"]
[EventType "blitz"]

1. e4 e5 2. Nf3 d5 3. Nc3 d4 4. Ne2 Bd6 5. d3 Nc6 6. g3 Bg4 7. Bg2 Qf6 8. Bg5
Qg6 9. Qd2 h6 10. Bh4 Qh5 11. Neg1 g5 12. h3 Bxf3 13. Bxf3 Qg6 14. Bxg5 Qxg5
15. Qe2 h5 16. h4 Qg6 17. O-O-O Nf6 18. Nh3 Ng4 19. Ng5 f6 20. Ne6 Kd7 {Normal}
0-1

[Event "Rated Blitz game"]
[Site "?"]
[Date "2021.02.08"]
[Round "?"]
[White "gyikkutya"]
[Black "annaly1979"]
[Result "1-0"]
[WhiteElo "2410"]
[BlackElo "2423"]
[PlyCount "77"]
[EventDate "2021.??.??"]
[EventType "blitz"]

1. e4 e5 2. Nf3 d5 3. Nxe5 Qe7 4. d4 f6 5. Nd3 Nc6 6. c3 Bf5 7. Be2 Bxe4 8. O-O
Qf7 9. Nd2 Bf5 10. Nf3 O-O-O 11. a4 Bd6 12. a5 a6 13. b4 g5 14. b5 axb5 15. a6
bxa6 16. Rxa6 Kb7 17. Rxc6 Kxc6 18. Qb3 Rb8 19. Ba3 Qe7 20. Bxd6 Qxd6 21. Nb4+
Kd7 22. Nxd5 c6 23. Ne3 Be6 24. d5 Bxd5 25. Nxd5 Qxd5 26. Rd1 Ne7 27. Rxd5+
Nxd5 28. h3 Rhe8 29. Bf1 Kc7 30. Nd4 Re1 31. g3 h5 32. Kg2 g4 33. hxg4 hxg4 34.
Nxb5+ Kd7 35. c4 cxb5 36. cxd5 Kd6 37. Qc3 Rbe8 38. Qc6+ Ke5 39. Qxe8+ {Normal}
1-0

[Event "Rated Blitz game"]
[Site "?"]
[Date "2021.02.08"]
[Round "?"]
[White "VardanyanHayk"]
[Black "KamranShirazi"]
[Result "0-1"]
[WhiteElo "2479"]
[BlackElo "2477"]
[PlyCount "80"]
[EventDate "2021.??.??"]
[EventType "blitz"]

1. e4 e5 2. Nf3 d5 3. exd5 e4 4. Qe2 f5 5. d3 Nf6 6. Nc3 Bb4 7. dxe4 Bxc3+ 8.
bxc3 fxe4 9. c4 O-O 10. Nd4 c6 11. h3 cxd5 12. Be3 Nc6 13. Qd2 Ne5 14. Be2 Nxc4
15. Bxc4 dxc4 16. O-O Qe8 17. a4 Qg6 18. Kh1 Bd7 19. Qb4 b6 20. Qxc4+ Kh8 21.
Ne6 Rac8 22. Nxf8 Rxf8 23. Rad1 Qh5 24. Rxd7 Nxd7 25. Qxe4 Nf6 26. Qd4 Rc8 27.
c4 Qe2 28. Rd1 Rxc4 29. Qd8+ Ng8 30. Rd7 Rc6 31. Qf8 Rg6 32. Kh2 Qf1 33. g4 h5
34. Rd8 Qc4 35. Rd4 Qc8 36. gxh5 Qxf8 37. hxg6 Qb8+ 38. Bf4 Qe8 39. Rd6 Nf6 40.
Be5 Qxe5+ {Normal} 0-1

[Event "Rated Blitz game"]
[Site "?"]
[Date "2021.02.08"]
[Round "?"]
[White "zilleruelo"]
[Black "Blind2250"]
[Result "1-0"]
[WhiteElo "2322"]
[BlackElo "2419"]
[PlyCount "95"]
[EventDate "2021.??.??"]
[EventType "blitz"]

1. e4 e5 2. Nf3 d5 3. Nxe5 Bd6 4. d4 dxe4 5. Bc4 Bxe5 6. dxe5 Qxd1+ 7. Kxd1 Nc6
8. Bb5 Bd7 9. Bxc6 Bxc6 10. Ke1 Ne7 11. Bf4 Ng6 12. Bg3 O-O 13. Nd2 Rfe8 14.
Nc4 b6 15. Rd1 h5 16. h4 Ne7 17. Ne3 Bb7 18. Rd7 Rac8 19. Ke2 Nc6 20. e6 Rxe6
21. Bxc7 Ba6+ 22. c4 Na5 23. b3 Nb7 24. Rhd1 Nc5 25. Rd8+ Rxd8 26. Rxd8+ Kh7
27. Bb8 b5 28. Bxa7 Nb7 29. Rd4 bxc4 30. Nxc4 Na5 31. Ke3 Nxc4+ 32. bxc4 Rc6
33. c5 Bd3 34. f3 f5 35. Bb6 Rc8 36. a4 Rf8 37. f4 Rc8 38. a5 Kg6 39. Rd5 Kf6
40. Rd6+ Ke7 41. Rg6 Kf7 42. Rd6 Ke7 43. g3 Bb5 44. Rg6 Kf7 45. Rd6 Ke7 46. Kd4
Rc6 47. Rd5 Rc8 48. Rxf5 {Normal} 1-0

[Event "Rated Blitz game"]
[Site "?"]
[Date "2021.02.08"]
[Round "?"]
[White "nekopanther"]
[Black "Jomajo"]
[Result "0-1"]
[WhiteElo "2508"]
[BlackElo "2566"]
[PlyCount "58"]
[EventDate "2021.??.??"]
[EventType "blitz"]

1. e4 e5 2. Nf3 d5 3. Nxe5 Bd6 4. d4 dxe4 5. Nc4 Nf6 6. Be2 h6 7. Be3 Nc6 8.
Nxd6+ Qxd6 9. O-O Ne7 10. c4 Nf5 11. Nc3 O-O 12. Qd2 Nxe3 13. fxe3 c6 14. Rf4
Re8 15. Raf1 Bd7 16. Qe1 c5 17. d5 Re5 18. Qg3 Rg5 19. Qf2 Re8 20. Kh1 Re7 21.
b3 a6 22. a4 a5 23. Bd1 b6 24. h4 Rg6 25. Bc2 Ng4 26. Qe2 f5 27. Qe1 Qe5 28.
Nxe4 fxe4 29. Rxe4 Qh2# {Normal} 0-1

[Event "Rated Blitz game"]
[Site "?"]
[Date "2021.02.08"]
[Round "?"]
[White "miguelho67"]
[Black "Chesspirate_Channel"]
[Result "1-0"]
[WhiteElo "2483"]
[BlackElo "2323"]
[PlyCount "29"]
[EventDate "2021.??.??"]
[EventType "blitz"]

1. e4 e5 2. Nf3 d5 3. exd5 Bd6 4. d3 h6 5. Be2 Nf6 6. Nc3 Nbd7 7. Be3 Nb6 8.
Qd2 Nbxd5 9. Nxd5 Nxd5 10. O-O-O Nxe3 11. Qxe3 O-O 12. Kb1 c5 13. Nd2 b6 14.
Bf3 Be7 15. Bxa8 {Normal} 1-0

[Event "Rated Blitz game"]
[Site "?"]
[Date "2021.02.08"]
[Round "?"]
[White "zugZwanGrouSis"]
[Black "ALJoNzZ"]
[Result "0-1"]
[WhiteElo "2393"]
[BlackElo "2422"]
[PlyCount "78"]
[EventDate "2021.??.??"]
[EventType "blitz"]

1. e4 e5 2. Nf3 d5 3. exd5 e4 4. Qe2 Nf6 5. d3 Qxd5 6. dxe4 Qxe4 7. Nc3 Bb4 8.
Bd2 Qxe2+ 9. Bxe2 Bf5 10. O-O-O Nc6 11. Bb5 O-O 12. Bxc6 bxc6 13. a3 Bc5 14.
Bg5 Ng4 15. Na4 Bxf2 16. Rhf1 Be3+ 17. Kb1 Bxg5 18. Nxg5 Ne3 19. Rxf5 Nxf5 20.
Rd7 Rac8 21. Nc5 Rfd8 22. Rxf7 Rf8 23. Rd7 h6 24. Nf3 Rfd8 25. Ne5 Rxd7 26.
Nexd7 Re8 27. Nd3 Re2 28. g4 Ne3 29. N7e5 Nxc2 30. Nxc6 Rxh2 31. Nxa7 Nd4 32.
Ne5 Re2 33. Nec6 Re4 34. Nxd4 Rxd4 35. Nb5 Rxg4 36. Nxc7 h5 37. b4 h4 38. b5 h3
39. b6 h2 {Normal} 0-1

[Event "Rated Blitz game"]
[Site "?"]
[Date "2021.02.08"]
[Round "?"]
[White "Elgranconejo"]
[Black "artsportscience"]
[Result "1-0"]
[WhiteElo "2441"]
[BlackElo "2317"]
[PlyCount "75"]
[EventDate "2021.??.??"]
[EventType "blitz"]

1. e4 e5 2. Nf3 d5 3. exd5 e4 4. Nd4 Qxd5 5. Nb3 f5 6. Nc3 Qe6 7. Be2 Nf6 8.
O-O Bd6 9. d4 exd3 10. Bxd3 O-O 11. Re1 Qf7 12. h3 Nc6 13. Nb5 Qd7 14. Bc4+ Kh8
15. Be6 Qd8 16. Nxd6 Qxd6 17. Qxd6 cxd6 18. Bc4 Ne5 19. Be2 Be6 20. Nd4 Bd7 21.
b3 Rac8 22. c4 Ne4 23. Ba3 Nc5 24. Rad1 b6 25. Nf3 Bc6 26. Rxd6 Bxf3 27. Bxf3
Nxf3+ 28. gxf3 Rcd8 29. Bxc5 bxc5 30. Rxd8 Rxd8 31. Re5 g6 32. Rxc5 Rd2 33.
Rc8+ Kg7 34. Rc7+ Kh6 35. Rxa7 Kg5 36. Rxh7 Rxa2 37. Rb7 Kf4 38. Kg2 {Normal}
1-0

[Event "Rated Blitz game"]
[Site "?"]
[Date "2021.02.08"]
[Round "?"]
[White "LuukDeGrote"]
[Black "annaly1979"]
[Result "0-1"]
[WhiteElo "2481"]
[BlackElo "2444"]
[PlyCount "56"]
[EventDate "2021.??.??"]
[EventType "blitz"]

1. e4 e5 2. Nf3 d5 3. Nxe5 Qe7 4. d4 f6 5. Nf3 dxe4 6. Nfd2 f5 7. Be2 Nf6 8.
O-O Nc6 9. Nb3 Be6 10. c4 Bf7 11. Nc3 O-O-O 12. Be3 h6 13. d5 Ne5 14. Bxa7 g5
15. c5 Nxd5 16. Nxd5 Bxd5 17. Qc2 Nc6 18. Na5 Nxa7 19. Qc3 Bg7 20. Qb4 Bc6 21.
Nxc6 Nxc6 22. Qa3 Kb8 23. Rac1 Qe5 24. Rc4 Qxb2 25. Qe3 f4 26. Qxe4 Rhe8 27.
Qg6 Rxe2 28. Qxg7 Qxg7 {Normal} 0-1

[Event "Rated Blitz game"]
[Site "?"]
[Date "2021.02.08"]
[Round "?"]
[White "Dark_Throne"]
[Black "believe_in_wonder"]
[Result "1-0"]
[WhiteElo "2620"]
[BlackElo "2541"]
[PlyCount "73"]
[EventDate "2021.??.??"]
[EventType "blitz"]

1. e4 e5 2. Nf3 d5 3. Nxe5 Bd6 4. d4 Nf6 5. exd5 O-O 6. Nc3 Re8 7. Be2 Bxe5 8.
dxe5 Rxe5 9. Bf4 Re8 10. O-O Bf5 11. Bf3 Nbd7 12. Qd4 Nb6 13. d6 c6 14. a4 a5
15. Rac1 h6 16. h3 Rc8 17. b3 Nbd7 18. g4 Bg6 19. Bg2 Nf8 20. Bg3 Ne6 21. Qd2
Qd7 22. f4 Nc5 23. f5 Bh7 24. Rce1 Rxe1 25. Rxe1 Re8 26. Rxe8+ Qxe8 27. Qd4
Ncd7 28. Kf2 h5 29. Bf3 hxg4 30. hxg4 g6 31. g5 Nh5 32. f6 Nxg3 33. Kxg3 Qe5+
34. Qxe5 Nxe5 35. Kf4 Nd7 36. Bg4 Kf8 37. Bxd7 {Normal} 1-0

[Event "Rated Blitz game"]
[Site "?"]
[Date "2021.02.08"]
[Round "?"]
[White "js20000"]
[Black "kassisov"]
[Result "0-1"]
[WhiteElo "2616"]
[BlackElo "2577"]
[PlyCount "50"]
[EventDate "2021.??.??"]
[EventType "blitz"]

1. e4 e5 2. Nf3 d5 3. exd5 e4 4. Qe2 Nf6 5. d3 Bb4+ 6. Bd2 O-O 7. Bxb4 exf3 8.
Qxf3 Re8+ 9. Be2 Bg4 10. Qe3 Rxe3 11. fxe3 Bxe2 12. Kxe2 Nxd5 13. Bd2 Nc6 14.
Nc3 Nxc3+ 15. bxc3 Qg5 16. Rhg1 Qh5+ 17. Kf2 Qh4+ 18. g3 Qxh2+ 19. Rg2 Qh6 20.
Ke2 Ne5 21. g4 Qh3 22. Rag1 Nf3 23. Rg3 Nxg1+ 24. Rxg1 Qh2+ 25. Kf1 Qxd2 {
Normal} 0-1

[Event "Rated Blitz game"]
[Site "?"]
[Date "2021.02.08"]
[Round "?"]
[White "Atlas_Lion07"]
[Black "annaly1979"]
[Result "0-1"]
[WhiteElo "2425"]
[BlackElo "2444"]
[PlyCount "58"]
[EventDate "2021.??.??"]
[EventType "blitz"]

1. e4 e5 2. Nf3 d5 3. Nxe5 Qe7 4. d4 f6 5. Nd3 Nc6 6. c3 Bf5 7. Be2 Bxe4 8. O-O
Qf7 9. Nf4 O-O-O 10. Bd3 Bg6 11. Be3 Bd6 12. Na3 a6 13. b4 Nge7 14. b5 Bxa3 15.
bxc6 Nxc6 16. Rb1 Bd6 17. Qa4 Bxf4 18. Bxa6 Bxb1 19. Bxb7+ Kxb7 20. Rxb1+ Kc8
21. Qxc6 Bxe3 22. fxe3 Qe8 23. Qa8+ Kd7 24. Qxd5+ Ke7 25. Qc5+ Kf7 26. Rb7
Qxe3+ 27. Kf1 Rhe8 28. Rxc7+ Kg8 29. Qc4+ Kh8 {Normal} 0-1

[Event "Rated Blitz game"]
[Site "?"]
[Date "2021.02.08"]
[Round "?"]
[White "Chess-For-All"]
[Black "dbestsmiles"]
[Result "0-1"]
[WhiteElo "2456"]
[BlackElo "2414"]
[PlyCount "206"]
[EventDate "2021.??.??"]
[EventType "blitz"]

1. e4 e5 2. Nf3 d5 3. d3 dxe4 4. dxe4 Qxd1+ 5. Kxd1 Nf6 6. Nxe5 Nxe4 7. Ke1 Bc5
8. Nd3 Bb6 9. Nd2 Bf5 10. Nxe4 Bxe4 11. Be3 Nd7 12. Bxb6 axb6 13. f3 Bg6 14.
Kf2 O-O 15. Be2 Rfe8 16. a3 Ne5 17. Nxe5 Rxe5 18. Rac1 Rae8 19. Rhe1 Kf8 20. c3
R8e6 21. Bc4 Rxe1 22. Rxe1 Rxe1 23. Kxe1 Ke7 24. Kd2 Kd6 25. Ke3 f6 26. f4 Bc2
27. Be2 h6 28. Bf3 c6 29. b4 Bf5 30. g3 Be6 31. Kd4 c5+ 32. Ke3 Bd5 33. Be2 Bc6
34. Bd1 Bd5 35. Bc2 Bc6 36. h4 Bd5 37. Ba4 Bc6 38. Bd1 Bd5 39. Kd3 Be6 40. Ke4
f5+ 41. Ke3 Bd5 42. Bc2 Be6 43. Bd3 Bd7 44. Be2 Bc6 45. Bh5 Bd7 46. Bf7 Be6 47.
Bh5 Bd7 48. Bd1 Be6 49. Ba4 Bd5 50. Bc2 Be6 51. a4 Bd5 52. Bd3 Be6 53. Bc2 Bd7
54. Bb3 Be6 55. Bd1 Bd7 56. a5 cxb4 57. cxb4 bxa5 58. bxa5 Kc5 59. Bf3 Bc8 60.
Be2 Kb4 61. Kd4 Kxa5 62. Kc3 Bd7 63. Bd3 b5 64. Bc2 b4+ 65. Kb2 Kb5 66. Bd3+
Kc5 67. Kb3 Be6+ 68. Ka4 Kd4 69. Be2 Kc3 70. Bd1 Bd5 71. Ka5 b3 72. Bxb3 Bxb3
73. Kb6 Kd4 74. Kc6 Bc2 75. Kd6 Ke3 76. Ke5 Kf3 77. h5 Kxg3 78. Ke6 Kg4 79. Kf7
Kxh5 80. Kxg7 Kg4 81. Kxh6 Kxf4 82. Kg6 Kf3 83. Kf6 f4 84. Ke5 Ke3 85. Kd5 f3
86. Ke5 f2 87. Kd5 f1=Q 88. Kd6 Qf2 89. Kc5 Bd3 90. Kd6 Qf3 91. Kc7 Qf4+ 92.
Kd7 Be4 93. Ke7 Qf5 94. Kd6 Qd5+ 95. Ke7 Kf4 96. Kf6 Qe5+ 97. Kf7 Bd5+ 98. Kg6
Qf5+ 99. Kg7 Be6 100. Kh8 Qg5 101. Kh7 Kf5 102. Kh8 Kf6 103. Kh7 Qg7# {Normal}
0-1

[Event "Rated Blitz game"]
[Site "?"]
[Date "2021.02.08"]
[Round "?"]
[White "Adim_Ayub"]
[Black "Chandra_PW"]
[Result "0-1"]
[WhiteElo "2226"]
[BlackElo "2401"]
[PlyCount "32"]
[EventDate "2021.??.??"]
[EventType "blitz"]

1. e4 e5 2. Nf3 d5 3. Nxe5 dxe4 4. d4 Nd7 5. Bf4 Ngf6 6. Bc4 Nxe5 7. Bxe5 Bd6
8. Nc3 O-O 9. O-O Bf5 10. Re1 Re8 11. Bxd6 Qxd6 12. d5 Ng4 13. g3 Qc5 14. Qe2
Ne5 15. Nxe4 Qxc4 16. Qxc4 Nxc4 {Normal} 0-1

[Event "Rated Blitz game"]
[Site "?"]
[Date "2021.02.08"]
[Round "?"]
[White "thegabes"]
[Black "annaly1979"]
[Result "1-0"]
[WhiteElo "2249"]
[BlackElo "2412"]
[PlyCount "65"]
[EventDate "2021.??.??"]
[EventType "blitz"]

1. e4 e5 2. Nf3 d5 3. exd5 e4 4. Qe2 f5 5. d3 Nf6 6. dxe4 fxe4 7. Nc3 Bb4 8.
Nd2 Bxc3 9. bxc3 O-O 10. c4 c6 11. dxc6 Nxc6 12. Bb2 Nd4 13. Bxd4 Qxd4 14. Rd1
Bg4 15. f3 exf3 16. Nxf3 Qc3+ 17. Kf2 Rae8 18. Qd3 Ne4+ 19. Kg1 Qf6 20. Be2 b6
21. h3 Bc8 22. Rh2 Bb7 23. Rf1 Ng3 24. Rf2 Qa1+ 25. Bf1 Re1 26. Nd2 Rxf2 27.
Kxf2 Nxf1 28. Nxf1 Re7 29. g3 Qe1+ 30. Kg1 h6 31. Rf2 Be4 32. Qd8+ Kh7 33. Qxe7
{Normal} 1-0